000 ncm a22 a 4500
999 _c350458
_d350458
003 BLK
005 20201007040700.0
008 200401b bu ||||| |||| 00| 0 bu d
040 _aBLK
041 _aBUL
_cBUL
080 _aКларинет. Етюди, гами, учебна литература
_b788.6.087.5
_z788.6.087.5
100 _aДимитров, Сава
_eпърви автор
_91299
139 _aДимитров, Сава
_bД 58
245 _aТехнически етюди за кларинет
_bНотирана музика
_cСава Димитров
_nЧ. 2
260 _9209430
_aСофия
_bМузика
_c1979
300 _c33 см
380 _a7
650 0 _9353811
_aКларинет - етюди, гами
760 _aДимитров, Сава
_h40 с. : ноти
_oЧ. 2
852 _aЦб М ІІ 7543
_bЦб
942 _cNOT
_n0
_s1
944 _aCR
_c2020-04-01
_l2020-04-01
944 _aED
_c2020-05-22
_kГГГ
999 _d350458
999 _d350448
999 _d350445
999 _d350443
999 _d350441
999 _d350439
999 _d350437
999 _d350432
999 _d350431
999 _d350427
999 _d350423
999 _d350421
999 _d350417
999 _d350413
999 _d350410
999 _d350406
999 _d350404
999 _d350402
999 _d350399
999 _d350397
999 _d350375
999 _d350374
999 _d350372
999 _d350368
999 _d350366
999 _d350365
999 _d350362
999 _d350360
999 _d350358
999 _d350354
999 _d350352
999 _d350348
999 _d350346
999 _d350342